01028 2200337 4500001002100000005001500021035002000036007000300056040001700059100003900076245011400115250001200229300003900241041000800280082000800288084001400296090002700310264003900337336002100376337003000397338002300427650002300450700005600473850001000529008004100539020002200580990002200602990002200624990002200646990002200668INLIS00000000000814020260529075628 a0010-0922000629ta aSBPUPADbind0 aI Kadek Happy KardiawanePengarang1 aPembentukan Dan Pembinaan Kondisi Fisik /cI Kadek Happy Kardiawan ;Pengarang-2,Ketut Chandra Adinata Kusuma a.-cet.1 axix,134 hlm :bilus. ;c21 x 26 cm aind a700 a700 KAD p a782.421.62 RIZ k 23-7 a.--Yogyakarta :bGraha Ilmu,c2014 2rdacontentateks 2rdamediaatanpa perantara 2rdacarrieravolume 4aKeolahragaan fisik0 aPengarang-2,Ketut Chandra Adinata KusumaePengarang aPUPAD260529 0  a978-602-262-360-1 a28.440/P/DPK/2018 a28.441/P/DPK/2018 a28.439/H/DPK/2018 a28.438/H/DPK/2018